| 000 | 00723nam a2200241Ia 4500 | ||
|---|---|---|---|
| 005 | 20260430150358.0 | ||
| 008 | 008 250103s9999 xx 000 0 eng d | ||
| 037 | _aTheses | ||
| 040 | _aCRL | ||
| 040 | _beng | ||
| 040 | _ceng | ||
| 041 | _2eng | ||
| 041 | _aeng | ||
| 084 | _qCRL | ||
| 100 |
_achhabra Shilpi Au.; Kaur Simrit Gu. _91237317 |
||
| 245 | 0 | _aCorrelates of Farm Productivity, Farm Enabling Environment and Non-Farm Diversification in Rural India: How Much does Education Matter? | |
| 260 | _c2022 | ||
| 300 | _a258P. | ||
| 650 | _aManagement | ||
| 700 |
_aUniversity of Delhi. Faculty of Management Studies. Deptt. of Management Studies _91236312 |
||
| 942 | _cTH | ||
| 999 |
_c1849643 _d1849643 |
||